[Event "IIX Sud. Sub 20-2013_Absoluto"]
[Site "Asuncion"]
[Date "2013.05.17"]
[Round "1.2"]
[White "Mendoza, Rodrigo"]
[Black "Ruiz C, Joshua D"]
[Result "1-0"]
[WhiteElo "2148"]
[BlackElo "2370"]
[PlyCount "113"]
[EventDate "2013.05.17"]
[EventType "swiss"]
[EventCountry "PAR"]
[SourceDate "2005.09.12"]

1. d4 d5 2. c4 e6 3. Nf3 c5 4. cxd5 exd5 5. g3 Nf6 6. Bg2 Be7 7. O-O O-O 8. Nc3
Nc6 9. Bg5 cxd4 10. Nxd4 h6 11. Be3 Re8 12. Qa4 Ne5 13. Rad1 Nc4 14. Bc1 Nb6
15. Qb3 Bg4 16. a4 Rc8 17. Rfe1 Bc5 18. a5 Nc4 19. a6 bxa6 20. Nxd5 Nb6 21.
Nxf6+ Qxf6 22. Be3 a5 23. Qb5 Bb4 24. Rf1 Nc4 25. h3 Re5 26. Qb7 Re7 27. Qb5
Bd7 28. Nc6 Bxc6 29. Qxc4 Bb7 30. Qg4 Ba6 31. Rc1 Rxc1 32. Rxc1 Qxb2 33. Rd1
Rxe3 34. fxe3 Bxe2 35. Rd8+ Bf8 36. Qd4 Qb6 37. Kf2 Ba6 38. Bd5 a4 39. Rd7 Bc5
40. Qe5 Qf6+ 41. Qxf6 gxf6 42. Rxf7 Kh8 43. Rxf6 Bd3 44. Rxh6+ Kg7 45. Rc6 Bb6
46. Ba2 Bb5 47. Re6 a3 48. h4 Bd8 49. h5 a5 50. h6+ Kh8 51. g4 a4 52. Re5 Bd3
53. Rd5 Bh4+ 54. Kf3 Bc2 55. g5 Bxg5 56. Rxg5 Bb3 57. Rg2 1-0

[Event "IIX Sud. Sub 20-2013_Absoluto"]
[Site "Asuncion"]
[Date "2013.05.17"]
[Round "1.3"]
[White "Vazquez, Guillermo"]
[Black "Gotz, Klaus"]
[Result "1/2-1/2"]
[WhiteElo "2353"]
[BlackElo "2095"]
[PlyCount "81"]
[EventDate "2013.05.17"]
[EventType "swiss"]
[EventCountry "PAR"]
[SourceDate "2005.09.12"]

1. d4 Nf6 2. c4 g6 3. Nc3 Bg7 4. e4 d6 5. Nf3 O-O 6. Be2 e5 7. O-O Nc6 8. d5
Ne7 9. Ne1 Ne8 10. Be3 f5 11. f3 f4 12. Bf2 g5 13. c5 Ng6 14. Rc1 Rf7 15. Nd3
Nf6 16. Nb5 g4 17. cxd6 cxd6 18. fxg4 Nxe4 19. Bf3 Nxf2 20. Nxf2 Qb6 21. Na3
Bf8 22. Nc4 Qd8 23. b4 Rg7 24. Ne4 Nh4 25. Kh1 h5 26. gxh5 Nf5 27. Qe1 Bd7 28.
Rg1 Rc8 29. g4 Nd4 30. Ncd2 Rxc1 31. Qxc1 Nxf3 32. Nxf3 Bxg4 33. Nfg5 Bxh5 34.
Qc3 Bf7 35. Qc8 Qe7 36. Qc4 a6 37. a4 Be8 38. Qc8 Bf7 39. Qc4 Be8 40. Qc8 Bf7
41. Qc4 1/2-1/2

[Event "IIX Sud. Sub 20-2013_Absoluto"]
[Site "Asuncion"]
[Date "2013.05.17"]
[Round "1.4"]
[White "Ibanez, Juan Rodrigo"]
[Black "Henriquez Villagra, Cristobal"]
[Result "1/2-1/2"]
[WhiteElo "2001"]
[BlackElo "2352"]
[PlyCount "79"]
[EventDate "2013.05.17"]
[EventType "swiss"]
[EventCountry "PAR"]
[SourceDate "2005.09.12"]

1. e4 c5 2. Nf3 e6 3. d4 cxd4 4. Nxd4 a6 5. Nc3 Qc7 6. a3 Nf6 7. Bd3 Nc6 8.
Nxc6 bxc6 9. O-O e5 10. Bg5 Be7 11. Re1 h6 12. Bxf6 Bxf6 13. Bc4 O-O 14. Qd3 d6
15. Rad1 Rd8 16. Qf3 Rb8 17. b3 Qa5 18. Rd3 Qxa3 19. Qh5 Rb7 20. Rf3 Be6 21.
Rxf6 Bxc4 22. Rxh6 gxh6 23. h4 f6 24. Re3 Rg7 25. bxc4 Rf8 26. Ne2 Qa1+ 27. Kh2
Qf1 28. Qf3 Qd1 29. Qf5 h5 30. Qxh5 f5 31. exf5 Qxc2 32. Ng3 Qxc4 33. Ne4 d5
34. f6 Rh7 35. Qg6+ Kh8 36. Ng5 Rxh4+ 37. Rh3 Qf4+ 38. Kg1 Qc1+ 39. Kh2 Qf4+
40. Kg1 1/2-1/2

[Event "IIX Sud. Sub 20-2013_Absoluto"]
[Site "Asuncion"]
[Date "2013.05.17"]
[Round "1.5"]
[White "Torres, Juan Camilo"]
[Black "Heinechen, John"]
[Result "1-0"]
[WhiteElo "2344"]
[BlackElo "1838"]
[PlyCount "55"]
[EventDate "2013.05.17"]
[EventType "swiss"]
[EventCountry "PAR"]
[SourceDate "2005.09.12"]

1. d4 g6 2. c4 Bg7 3. Nc3 c5 4. d5 d6 5. Nf3 Nf6 6. e4 O-O 7. Be2 a6 8. a4 e5
9. O-O Ne8 10. Ne1 f5 11. exf5 gxf5 12. Nd3 Nd7 13. Bd2 Nef6 14. f4 e4 15. Nf2
Re8 16. Be3 b6 17. Kh1 Ra7 18. g4 fxg4 19. Nxg4 Nxg4 20. Bxg4 Nf6 21. Bxc8 Qxc8
22. Rg1 h5 23. Qe2 Ng4 24. Raf1 Nxe3 25. Qxe3 Kf8 26. f5 Rf7 27. Nxe4 Rxf5 28.
Qg5 1-0

[Event "IIX Sud. Sub 20-2013_Absoluto"]
[Site "Asuncion"]
[Date "2013.05.17"]
[Round "1.6"]
[White "Zarate, Fernandoh"]
[Black "Cuellar, Diego"]
[Result "0-1"]
[WhiteElo "1813"]
[BlackElo "2323"]
[PlyCount "94"]
[EventDate "2013.05.17"]
[EventType "swiss"]
[EventCountry "PAR"]
[SourceDate "2005.09.12"]

1. d4 d5 2. c4 Bf5 3. Nc3 e6 4. Nf3 c6 5. e3 Nf6 6. Bd3 Bxd3 7. Qxd3 Bb4 8. O-O
O-O 9. Ne5 Nbd7 10. f4 Qe7 11. Bd2 Bxc3 12. Bxc3 Nxe5 13. fxe5 Ne4 14. Rae1 a6
15. c5 f5 16. Rf3 Kh8 17. Ref1 g5 18. Rb1 Rg8 19. a4 Rg6 20. b4 g4 21. Rff1 Rh6
22. Be1 Qg5 23. Bg3 Nxg3 24. hxg3 Qh5 25. Kf2 Qh2 26. Rh1 Qxh1 27. Rxh1 Rxh1
28. Qd2 h6 29. e4 dxe4 30. Qa2 Re8 31. b5 Rd1 32. bxc6 bxc6 33. Qb3 Rxd4 34.
Qb7 Kg8 35. Qxc6 Kf7 36. Qxa6 Rd2+ 37. Ke1 Red8 38. c6 Rd1+ 39. Ke2 R8d2+ 40.
Ke3 Rd3+ 41. Ke2 R1d2+ 42. Ke1 Rd1+ 43. Ke2 R3d2+ 44. Ke3 Rc2 45. Qa7+ Kg6 46.
c7 f4+ 47. gxf4 Kf5 0-1

[Event "IIX Sud. Sub 20-2013_Absoluto"]
[Site "Asuncion"]
[Date "2013.05.17"]
[Round "1.7"]
[White "Latorre, Matias"]
[Black "Aguero Centurio, Abel Alejandr"]
[Result "1-0"]
[WhiteElo "2254"]
[BlackElo "1652"]
[PlyCount "51"]
[EventDate "2013.05.17"]
[EventType "swiss"]
[EventCountry "PAR"]
[SourceDate "2005.09.12"]

1. Nf3 d5 2. g3 Nf6 3. c4 Nc6 4. cxd5 Nxd5 5. d4 Bf5 6. Bg2 Qd7 7. O-O h6 8.
Re1 Nf6 9. Nc3 O-O-O 10. d5 Nb4 11. Ne5 Qe8 12. e4 Bh7 13. Qd4 Nc6 14. Nxc6
Qxc6 15. dxc6 Rxd4 16. cxb7+ Kb8 17. Be3 Rb4 18. e5 Ne8 19. Rad1 Nd6 20. Bc5
Rxb7 21. exd6 cxd6 22. Bxb7 Kxb7 23. Ba3 g5 24. Rd4 Kc7 25. Nb5+ Kd7 26. Red1
1-0

[Event "IIX Sud. Sub 20-2013_Absoluto"]
[Site "Asuncion"]
[Date "2013.05.17"]
[Round "1.8"]
[White "Heinechen, Juan"]
[Black "Caceres Recalde, Fernando"]
[Result "0-1"]
[WhiteElo "1596"]
[BlackElo "2204"]
[PlyCount "102"]
[EventDate "2013.05.17"]
[EventType "swiss"]
[EventCountry "PAR"]
[SourceDate "2005.09.12"]

1. e4 c5 2. Nc3 a6 3. g3 b5 4. Bg2 Bb7 5. d3 e6 6. Nf3 Be7 7. Be3 d5 8. exd5
exd5 9. d4 c4 10. Ne5 Nf6 11. O-O O-O 12. Ne2 Ne4 13. f3 Nd6 14. Nf4 Re8 15.
Qd2 Nd7 16. Bh3 Nf8 17. Rae1 g6 18. c3 h5 19. Qc2 Bg5 20. g4 h4 21. Ng2 Bf6 22.
f4 Bc8 23. Rf3 Ne4 24. g5 Bg7 25. Nxh4 a5 26. a3 Ra6 27. Ng4 b4 28. Nf2 bxc3
29. bxc3 Bxh3 30. Nxe4 Bg4 31. Rg3 Rxe4 32. Rxg4 Rb6 33. Nf3 Qe7 34. Kf2 Qxa3
35. Bc1 Qb3 36. Qd2 a4 37. Rg2 a3 38. Kg3 Ra6 39. h4 a2 40. Bb2 Rxe1 41. Qxe1
Qxb2 42. Rxb2 a1=Q 43. Rb1 Qa2 44. Rb5 Qc2 45. Rxd5 Ra2 46. Qf1 Qxc3 47. Rc5
Qd3 48. Qg1 Ra3 49. Qg2 Qxd4 50. Rc7 Ne6 51. Re7 Qxf4+ 0-1

[Event "IIX Sud. Sub 20-2013_Absoluto"]
[Site "Asuncion"]
[Date "2013.05.18"]
[Round "2.1"]
[White "Latorre, Matias"]
[Black "Iermito, Sebastian"]
[Result "0-1"]
[WhiteElo "2254"]
[BlackElo "2464"]
[PlyCount "120"]
[EventDate "2013.05.17"]
[EventType "swiss"]
[EventCountry "PAR"]
[SourceDate "2005.09.12"]

1. e4 c5 2. Nf3 e6 3. Nc3 Nc6 4. d4 cxd4 5. Nxd4 d6 6. Be3 Nf6 7. Bc4 Be7 8.
Qe2 a6 9. O-O-O Qc7 10. Bb3 O-O 11. Rhg1 b5 12. g4 b4 13. Nd5 Nxd5 14. exd5
Nxd4 15. Rxd4 a5 16. dxe6 Bxe6 17. Kb1 Bf6 18. Rd2 Bxb3 19. cxb3 Rfe8 20. Qd1
Be5 21. h4 Qc6 22. Re1 a4 23. bxa4 Rxa4 24. f4 Rea8 25. b3 Rxa2 26. Rxa2 Qe4+
27. Qc2 Qxc2+ 28. Kxc2 Rxa2+ 29. Kd3 Bc3 30. Re2 Ra3 31. Bc1 Ra8 32. Kc4 g6 33.
h5 gxh5 34. gxh5 Kg7 35. Kd5 Ra1 36. Bb2 Ra5+ 37. Kxd6 Bxb2 38. Rxb2 Rxh5 39.
Kc6 Rf5 40. Rg2+ Kh6 41. Rh2+ Kg6 42. Rg2+ Kf6 43. Rh2 Rxf4 44. Rxh7 Rf3 45.
Kd5 Rxb3 46. Kc4 Rb1 47. Rh2 b3 48. Kc3 Rf1 49. Kxb3 Kf5 50. Kc3 Kf4 51. Kd3
Kg3 52. Rh7 f5 53. Ke2 Rf2+ 54. Ke1 Ra2 55. Rb7 f4 56. Rc7 Ra1+ 57. Ke2 f3+ 58.
Ke3 Re1+ 59. Kd2 f2 60. Rg7+ Kh4 0-1

[Event "IIX Sud. Sub 20-2013_Absoluto"]
[Site "Asuncion"]
[Date "2013.05.18"]
[Round "2.2"]
[White "Caceres Recalde, Fernando"]
[Black "Torres, Juan Camilo"]
[Result "1-0"]
[WhiteElo "2204"]
[BlackElo "2344"]
[PlyCount "75"]
[EventDate "2013.05.17"]
[EventType "swiss"]
[EventCountry "PAR"]
[SourceDate "2005.09.12"]

1. e4 c5 2. Nf3 e6 3. d4 cxd4 4. Nxd4 a6 5. Nc3 Qc7 6. Bd3 Nf6 7. O-O d6 8. Kh1
b5 9. Qe2 Be7 10. f4 Nbd7 11. Bd2 Bb7 12. Rae1 Nc5 13. b4 Nxd3 14. cxd3 O-O 15.
Rc1 Qd7 16. Rc2 Rfc8 17. Rfc1 g6 18. a3 Rc7 19. Nb3 Rac8 20. Be3 Bd8 21. Na5
Ba8 22. Qd2 Rb8 23. Bd4 Rcc8 24. e5 Ne8 25. exd6 Nxd6 26. Nb3 Nf5 27. Be5 Rb6
28. Nc5 Qe7 29. N3e4 Qh4 30. Kg1 Bd5 31. Nd7 Rbc6 32. g3 Qh3 33. Nef6+ Bxf6 34.
Nxf6+ Kf8 35. Nxd5 Rxc2 36. Rxc2 Rxc2 37. Qxc2 exd5 38. Qc8+ 1-0

[Event "IIX Sud. Sub 20-2013_Absoluto"]
[Site "Asuncion"]
[Date "2013.05.18"]
[Round "2.3"]
[White "Cuellar, Diego"]
[Black "Zavarce, Oscar Enrique"]
[Result "1-0"]
[WhiteElo "2323"]
[BlackElo "2200"]
[PlyCount "69"]
[EventDate "2013.05.17"]
[EventType "swiss"]
[EventCountry "PAR"]
[SourceDate "2005.09.12"]

1. e4 c5 2. Nf3 e6 3. d4 cxd4 4. Nxd4 a6 5. Bd3 Bc5 6. Nb3 Be7 7. Qg4 Bf6 8.
O-O Ne7 9. f4 d6 10. Nc3 Nbc6 11. Qh3 Ng6 12. Bd2 O-O 13. g4 e5 14. f5 Nf4 15.
Bxf4 exf4 16. Rxf4 a5 17. a4 Be5 18. Rf3 Bxc3 19. bxc3 Ne5 20. Rg3 f6 21. Qg2
Bd7 22. Nd4 Rc8 23. Bb5 Qb6 24. Rb1 Rxc3 25. Bc4+ Nxc4 26. Rxb6 Rxg3 27. Qxg3
Nxb6 28. Qxd6 Bc6 29. Nxc6 bxc6 30. Qxc6 Nc8 31. Qd5+ Kh8 32. Qxa5 Re8 33. Qb5
Rd8 34. Qb8 Kg8 35. a5 1-0

[Event "IIX Sud. Sub 20-2013_Absoluto"]
[Site "Asuncion"]
[Date "2013.05.18"]
[Round "2.4"]
[White "Henriquez Villagra, Cristobal"]
[Black "Mendoza, Rodrigo"]
[Result "1-0"]
[WhiteElo "2352"]
[BlackElo "2148"]
[PlyCount "65"]
[EventDate "2013.05.17"]
[EventType "swiss"]
[EventCountry "PAR"]
[SourceDate "2005.09.12"]

1. e4 c6 2. d4 d5 3. exd5 cxd5 4. c4 Nf6 5. Nc3 e6 6. Nf3 Be7 7. cxd5 Nxd5 8.
Bd3 Nc6 9. O-O O-O 10. Re1 Nf6 11. a3 b6 12. Bg5 Bb7 13. Bc2 Rc8 14. Qd3 g6 15.
Rad1 Re8 16. Bb3 Nd5 17. Bxd5 exd5 18. h4 Na5 19. Rxe7 Rxe7 20. Bxe7 Qxe7 21.
Re1 Qf6 22. Qb5 Rd8 23. h5 Kg7 24. Qe2 Nc6 25. Qd2 gxh5 26. Ne5 h4 27. Re3 Nxe5
28. dxe5 Qc6 29. e6 d4 30. Rg3+ Kf8 31. Rg8+ Kxg8 32. Qg5+ Kf8 33. e7+ 1-0

[Event "IIX Sud. Sub 20-2013_Absoluto"]
[Site "Asuncion"]
[Date "2013.05.18"]
[Round "2.5"]
[White "Gotz, Klaus"]
[Black "Ibanez, Juan Rodrigo"]
[Result "1-0"]
[WhiteElo "2095"]
[BlackElo "2001"]
[PlyCount "79"]
[EventDate "2013.05.17"]
[EventType "swiss"]
[EventCountry "PAR"]
[SourceDate "2005.09.12"]

1. d4 d5 2. c4 e6 3. Nc3 Nf6 4. Nf3 Nbd7 5. cxd5 exd5 6. Bg5 Bb4 7. Qc2 c5 8.
e3 Qa5 9. Bd3 c4 10. Bf5 O-O 11. O-O Re8 12. Bf4 g6 13. Bh3 Bxc3 14. bxc3 Ne4
15. Rfc1 Nb6 16. Bxc8 Raxc8 17. Rab1 Qa6 18. Rb4 Re6 19. a4 Nd7 20. Nd2 Nxd2
21. Qxd2 Rb6 22. Rcb1 Rxb4 23. Rxb4 b5 24. Qc2 bxa4 25. Qxa4 Rc6 26. f3 f5 27.
Qb5 Qxb5 28. Rxb5 Ra6 29. Rxd5 Nb6 30. Rd8+ Kf7 31. Rh8 h5 32. Rh7+ Kg8 33. Rc7
Ra3 34. e4 fxe4 35. fxe4 Rxc3 36. Rxa7 Rd3 37. e5 c3 38. Rc7 Rxd4 39. Be3 Re4
40. Bxb6 1-0

[Event "IIX Sud. Sub 20-2013_Absoluto"]
[Site "Asuncion"]
[Date "2013.05.18"]
[Round "2.6"]
[White "Ruiz C, Joshua D"]
[Black "Vazquez, Guillermo"]
[Result "0-1"]
[WhiteElo "2370"]
[BlackElo "2353"]
[PlyCount "74"]
[EventDate "2013.05.17"]
[EventType "swiss"]
[EventCountry "PAR"]
[SourceDate "2005.09.12"]

1. e4 c5 2. Nf3 d6 3. d4 cxd4 4. Nxd4 Nf6 5. Nc3 a6 6. Bg5 e6 7. f4 h6 8. Bh4
Qb6 9. a3 Be7 10. Bf2 Qc7 11. Qf3 Nc6 12. Bd3 e5 13. Nxc6 bxc6 14. fxe5 dxe5
15. O-O O-O 16. Bc4 Ng4 17. Kh1 Nxf2+ 18. Qxf2 Kh8 19. Qe2 Bg5 20. Rf2 a5 21.
Raf1 f6 22. h3 Rb8 23. Na4 Qe7 24. Rf3 Bd7 25. Qe1 f5 26. exf5 e4 27. f6 Bxf6
28. Rb3 Rxb3 29. cxb3 e3 30. Qxa5 Bxh3 31. Qh5 Be6 32. Bd3 Bxb3 33. Qf5 Bg8 34.
Nc3 Be5 35. Qe4 Rxf1+ 36. Bxf1 Qg5 37. Qf3 Bg3 0-1

[Event "IIX Sud. Sub 20-2013_Absoluto"]
[Site "Asuncion"]
[Date "2013.05.18"]
[Round "2.7"]
[White "Quenallata, Luciano"]
[Black "Heinechen, Juan"]
[Result "1-0"]
[WhiteElo "2194"]
[BlackElo "1596"]
[PlyCount "59"]
[EventDate "2013.05.17"]
[EventType "swiss"]
[EventCountry "PAR"]
[SourceDate "2005.09.12"]

1. d4 d5 2. Nf3 Nf6 3. Bf4 c6 4. e3 Bg4 5. c4 e6 6. Nbd2 Bd6 7. Bg3 Ne4 8. Be2
Bxf3 9. Bxf3 Nxd2 10. Qxd2 dxc4 11. a4 Qe7 12. O-O Nd7 13. Qc2 Bxg3 14. hxg3
Qb4 15. a5 h5 16. a6 b5 17. Bxc6 Rc8 18. Bxd7+ Kxd7 19. d5 h4 20. dxe6+ fxe6
21. Rfd1+ Ke7 22. Qg6 Qxb2 23. Qg5+ Qf6 24. Qxb5 Kf7 25. Qb7+ Kg6 26. Rd4 hxg3
27. fxg3 c3 28. Rf4 Qe5 29. Qf7+ Kg5 30. Ra5 1-0

[Event "IIX Sud. Sub 20-2013_Absoluto"]
[Site "Asuncion"]
[Date "2013.05.18"]
[Round "2.8"]
[White "Heinechen, John"]
[Black "De Picciotto, Lucas"]
[Result "1-0"]
[WhiteElo "1838"]
[BlackElo "1782"]
[PlyCount "61"]
[EventDate "2013.05.17"]
[EventType "swiss"]
[EventCountry "PAR"]
[SourceDate "2005.09.12"]

1. e4 c6 2. d4 d5 3. e5 Bf5 4. h4 h6 5. g4 Bh7 6. e6 fxe6 7. Nf3 Be4 8. Bd3 Nd7
9. Nc3 Ngf6 10. Rg1 Qa5 11. g5 Ng8 12. Qe2 Bf5 13. Bd2 Qc7 14. O-O-O O-O-O 15.
Bxf5 exf5 16. Rde1 g6 17. Qe6 Qd6 18. Qf7 hxg5 19. hxg5 e5 20. dxe5 Qe7 21.
Qxg6 Qh7 22. Qxh7 Rxh7 23. g6 Rg7 24. Nd4 Ne7 25. Ne6 Rxg6 26. Nxd8 Rxg1 27.
Rxg1 Kxd8 28. f4 Kc7 29. Ne2 Bh6 30. Rh1 Ng8 31. Nd4 1-0

[Event "IIX Sud. Sub 20-2013_Absoluto"]
[Site "Asuncion"]
[Date "2013.05.18"]
[Round "2.10"]
[White "Aguero Centurio, Abel Alejandr"]
[Black "Apuril, Jose"]
[Result "0-1"]
[WhiteElo "1652"]
[BlackElo "1961"]
[PlyCount "65"]
[EventDate "2013.05.17"]
[EventType "swiss"]
[EventCountry "PAR"]
[SourceDate "2005.09.12"]

1. d4 d6 2. Nf3 Nd7 3. e3 g6 4. b3 Bg7 5. Bb2 Ngf6 6. c4 c6 7. Be2 O-O 8. O-O
Re8 9. Na3 e5 10. dxe5 Ne4 11. Qc2 Nxe5 12. Bxe5 Bxe5 13. Nxe5 Rxe5 14. Bf3 Bf5
15. Rfd1 Qh4 16. Bxe4 Bxe4 17. Rd4 Rh5 18. h3 Bxc2 19. Rxh4 Rxh4 20. Nxc2 Re4
21. f3 Re5 22. Rd1 f5 23. Kf2 Rd8 24. Nd4 Rde8 25. Nc2 f4 26. e4 d5 27. Rd4
dxe4 28. Rxe4 Rxe4 29. fxe4 Rxe4 30. b4 g5 31. Kf3 Re5 32. a3 Kf7 33. Kf2 0-1

[Event "IIX Sud. Sub 20-2013_Absoluto"]
[Site "Asuncion"]
[Date "2013.05.19"]
[Round "3.1"]
[White "Iermito, Sebastian"]
[Black "Cuellar, Diego"]
[Result "1/2-1/2"]
[WhiteElo "2464"]
[BlackElo "2323"]
[PlyCount "154"]
[EventDate "2013.05.17"]
[EventType "swiss"]
[EventCountry "PAR"]
[SourceDate "2005.09.12"]

1. e4 e5 2. Nf3 Nc6 3. Bb5 Nf6 4. d3 d6 5. O-O a6 6. Bxc6+ bxc6 7. d4 exd4 8.
Nxd4 c5 9. Nf3 Be7 10. c4 O-O 11. Nc3 Nd7 12. Bf4 Bf6 13. Qd3 Bb7 14. Rae1 Re8
15. Bd2 Ne5 16. Nxe5 Bxe5 17. b3 Bxc3 18. Bxc3 Re6 19. f3 Qe7 20. a3 Re8 21. b4
cxb4 22. axb4 Qg5 23. Qd4 f5 24. Qa7 Ba8 25. Qxc7 fxe4 26. fxe4 Qe7 27. Qxe7
R6xe7 28. b5 axb5 29. cxb5 Rb8 30. Bb4 Rxb5 31. Bxd6 Rf7 32. e5 Rb2 33. Rxf7
Kxf7 34. e6+ Ke8 35. Rc1 Bb7 36. Rc7 Rxg2+ 37. Kf1 Rd2 38. Re7+ Kd8 39. Rd7+
Ke8 40. Ke1 Rd3 41. Re7+ Kd8 42. Bb4 Bc8 43. Rxg7 Bxe6 44. Rxh7 Rh3 45. Re7 Bf5
46. Re2 Rh8 47. Kd2 Kd7 48. Bc3 Rh3 49. Be5 Rd3+ 50. Ke1 Ke6 51. Bf4+ Kf6 52.
h4 Kg6 53. Rg2+ Kh5 54. Bg5 Rh3 55. Kf2 Ra3 56. Rg1 Ra2+ 57. Kg3 Ra3+ 58. Kf4
Bg4 59. Rb1 Ra4+ 60. Ke5 Ra5+ 61. Kf6 Ra6+ 62. Kf7 Bf5 63. Re1 Bg6+ 64. Kg7 Ra5
65. Re6 Bf5 66. Rh6+ Kg4 67. Rb6 Kh5 68. Be7 Ra7 69. Rh6+ Kg4 70. Kf7 Bd3 71.
h5 Bc4+ 72. Kf8 Ra8+ 73. Kg7 Ra7 74. Rg6+ Kf5 75. Rf6+ Ke5 76. Kf8 Ra8+ 77. Kg7
Ra7 1/2-1/2

[Event "IIX Sud. Sub 20-2013_Absoluto"]
[Site "Asuncion"]
[Date "2013.05.19"]
[Round "3.2"]
[White "Vazquez, Guillermo"]
[Black "Caceres Recalde, Fernando"]
[Result "1/2-1/2"]
[WhiteElo "2353"]
[BlackElo "2204"]
[PlyCount "38"]
[EventDate "2013.05.17"]
[EventType "swiss"]
[EventCountry "PAR"]
[SourceDate "2005.09.12"]

1. e4 c5 2. Nc3 Nc6 3. Nge2 e5 4. Nd5 g6 5. Nec3 a6 6. a4 Bg7 7. Bc4 Nge7 8. d3
O-O 9. Bg5 Kh8 10. Nxe7 Nxe7 11. Bxe7 Qxe7 12. Nd5 Qg5 13. Ne3 b6 14. h4 Qd8
15. h5 d6 16. Qf3 h6 17. hxg6 fxg6 18. Qe2 Bd7 19. Kf1 Qg5 1/2-1/2

[Event "IIX Sud. Sub 20-2013_Absoluto"]
[Site "Asuncion"]
[Date "2013.05.19"]
[Round "3.3"]
[White "Gotz, Klaus"]
[Black "Henriquez Villagra, Cristobal"]
[Result "1/2-1/2"]
[WhiteElo "2095"]
[BlackElo "2352"]
[PlyCount "126"]
[EventDate "2013.05.17"]
[EventType "swiss"]
[EventCountry "PAR"]
[SourceDate "2005.09.12"]

1. d4 d5 2. c4 c6 3. cxd5 cxd5 4. Nc3 Nf6 5. Bf4 Nc6 6. e3 a6 7. Bd3 Bg4 8.
Nge2 e6 9. a3 Be7 10. O-O O-O 11. b4 b5 12. Qc2 Rc8 13. Qb2 Bxe2 14. Nxe2 Nd7
15. Nc1 f5 16. f3 Bf6 17. Nb3 Re8 18. Rac1 Nb6 19. Nc5 e5 20. dxe5 Nxe5 21. Qe2
Ng6 22. Bg3 f4 23. Bxg6 hxg6 24. Bxf4 g5 25. Bg3 Nc4 26. Bf2 Nxe3 27. Rfe1 Nc4
28. Qd3 Qd6 29. Bg3 Qc6 30. Kh1 d4 31. Qg6 Re3 32. Ne4 Kh8 33. Nxg5 Bxg5 34.
Qxg5 Kg8 35. h4 Rce8 36. Rxe3 dxe3 37. Re1 Qe6 38. h5 e2 39. Bf2 Qe5 40. Qg4
Ne3 41. Bxe3 Qxe3 42. Qg6 Re6 43. Qg4 Re7 44. Qc8+ Re8 45. Qc6 Re6 46. Qd7 Qe5
47. Qd8+ Re8 48. Qh4 Re6 49. Qd8+ Re8 50. Qh4 Kh7 51. Qg4 Re6 52. f4 Qe4 53.
Qf3 Qxf3 54. gxf3 Kh6 55. Kg2 Kxh5 56. Kf2 Kg6 57. Rxe2 Rxe2+ 58. Kxe2 Kf5 59.
Ke3 g6 60. Ke2 Kxf4 61. Kf2 g5 62. Ke2 Ke5 63. Ke3 Kf5 1/2-1/2

[Event "IIX Sud. Sub 20-2013_Absoluto"]
[Site "Asuncion"]
[Date "2013.05.19"]
[Round "3.4"]
[White "Torres, Juan Camilo"]
[Black "Quenallata, Luciano"]
[Result "1-0"]
[WhiteElo "2344"]
[BlackElo "2194"]
[PlyCount "97"]
[EventDate "2013.05.17"]
[EventType "swiss"]
[EventCountry "PAR"]
[SourceDate "2005.09.12"]

1. d4 Nf6 2. c4 e6 3. Nf3 b6 4. g3 Bb7 5. Bg2 Be7 6. O-O O-O 7. Nc3 d5 8. Ne5
Qc8 9. cxd5 exd5 10. Bg5 c6 11. Rc1 Qf5 12. Bxf6 Bxf6 13. e4 dxe4 14. Bxe4 Qh3
15. Ng4 Kh8 16. Bg2 Qh5 17. Nxf6 Qxd1 18. Rfxd1 gxf6 19. Ne4 Rd8 20. Nxf6 Kg7
21. Ng4 Rd6 22. Ne3 Kf8 23. b4 Nd7 24. b5 Rc8 25. Nc4 Rh6 26. Ne5 Nxe5 27. dxe5
Ke7 28. f4 Rc7 29. Bf3 c5 30. Bxb7 Rxb7 31. Kg2 Rc7 32. g4 Rg6 33. Kf3 Rg8 34.
f5 Rgc8 35. Ke4 c4 36. Rc3 Rc5 37. a4 R5c7 38. Rd6 Rc5 39. Rh6 Kf8 40. Rxh7 Kg8
41. Rh6 Re8 42. e6 Kg7 43. Rh5 Kf6 44. g5+ Kg7 45. Rch3 fxe6 46. Rh7+ Kf8 47.
Rh8+ Ke7 48. f6+ Kd8 49. f7 1-0

[Event "IIX Sud. Sub 20-2013_Absoluto"]
[Site "Asuncion"]
[Date "2013.05.19"]
[Round "3.5"]
[White "Mendoza, Rodrigo"]
[Black "Latorre, Matias"]
[Result "1-0"]
[WhiteElo "2148"]
[BlackElo "2254"]
[PlyCount "83"]
[EventDate "2013.05.17"]
[EventType "swiss"]
[EventCountry "PAR"]
[SourceDate "2005.09.12"]

1. c4 Nf6 2. d4 e6 3. Nf3 Bb4+ 4. Bd2 Qe7 5. Nc3 Bxc3 6. Bxc3 Ne4 7. Qc2 Nxc3
8. Qxc3 d6 9. e3 O-O 10. Be2 a5 11. O-O Nd7 12. Rac1 b6 13. Nd2 Bb7 14. Bf3 c6
15. Rfd1 Rab8 16. a3 a4 17. Qb4 Ra8 18. c5 d5 19. e4 Rfb8 20. exd5 exd5 21. Re1
Qf8 22. Qc3 bxc5 23. dxc5 Ba6 24. Bg4 Nf6 25. Bf5 Rb5 26. Nf3 Rb3 27. Qd4 Qb8
28. Ne5 Qb7 29. Bc2 Rxb2 30. Bxa4 Bb5 31. Qxb2 Rxa4 32. Nf3 Qa8 33. Nd4 Bc4 34.
Nxc6 Ne4 35. Ne7+ Kf8 36. Nf5 f6 37. f3 Nxc5 38. Qb6 Qc8 39. Qd6+ Kf7 40. Re7+
Kg8 41. Rxg7+ Kh8 42. Qxf6 1-0

[Event "IIX Sud. Sub 20-2013_Absoluto"]
[Site "Asuncion"]
[Date "2013.05.19"]
[Round "3.6"]
[White "Zavarce, Oscar Enrique"]
[Black "Heinechen, John"]
[Result "1-0"]
[WhiteElo "2200"]
[BlackElo "1838"]
[PlyCount "49"]
[EventDate "2013.05.17"]
[EventType "swiss"]
[EventCountry "PAR"]
[SourceDate "2005.09.12"]

1. e4 c5 2. Nf3 e6 3. d4 cxd4 4. Nxd4 Qb6 5. Nb3 Nc6 6. Be3 Qc7 7. Bd3 Nf6 8.
O-O b6 9. c4 d6 10. Nc3 Bb7 11. f4 Be7 12. Rc1 Nd7 13. Nd5 exd5 14. cxd5 Rc8
15. Nd4 Nc5 16. dxc6 Ba6 17. Bxa6 Nxa6 18. Nb5 Qb8 19. Bd4 O-O 20. Qg4 g6 21.
f5 Nc7 22. Nxc7 Rxc7 23. f6 Bd8 24. Qg5 Kh8 25. Rf3 1-0

[Event "IIX Sud. Sub 20-2013_Absoluto"]
[Site "Asuncion"]
[Date "2013.05.19"]
[Round "3.7"]
[White "Apuril, Jose"]
[Black "Zarate, Fernandoh"]
[Result "1-0"]
[WhiteElo "1961"]
[BlackElo "1813"]
[PlyCount "91"]
[EventDate "2013.05.17"]
[EventType "swiss"]
[EventCountry "PAR"]
[SourceDate "2005.09.12"]

1. e4 c6 2. d4 d5 3. exd5 cxd5 4. Nf3 Nf6 5. Nc3 Bg4 6. Bb5+ Nc6 7. Qd3 Bxf3 8.
Qxf3 e6 9. O-O Be7 10. Ne2 O-O 11. c3 Qb6 12. Ba4 Na5 13. Bc2 Nc4 14. Nf4 Nd6
15. Qh3 Nde4 16. f3 Ng5 17. Qg3 h6 18. h4 Ngh7 19. Nd3 Nh5 20. Qg4 N7f6 21. Qh3
Bd6 22. g4 Ng3 23. Re1 Nd7 24. Kg2 f5 25. Rxe6 fxg4 26. Qxg4 Nf5 27. Nf4 Ne7
28. Rxh6 Rf7 29. Nh5 Qb5 30. f4 Bc7 31. f5 Nxf5 32. Bxf5 Re8 33. Bh7+ Kf8 34.
Bd3 Qxd3 35. Rh8+ Ke7 36. Bg5+ Nf6 37. Rxe8+ Kxe8 38. Qc8+ Bd8 39. Re1+ Re7 40.
Nxg7+ Kf7 41. Rxe7+ Kxe7 42. Qxb7+ Kf8 43. Ne6+ Ke8 44. Ng7+ Kf8 45. Ne6+ Ke8
46. Qc6+ 1-0

[Event "IIX Sud. Sub 20-2013_Absoluto"]
[Site "Asuncion"]
[Date "2013.05.19"]
[Round "3.9"]
[White "Heinechen, Juan"]
[Black "Ruiz C, Joshua D"]
[Result "0-1"]
[WhiteElo "1596"]
[BlackElo "2370"]
[PlyCount "68"]
[EventDate "2013.05.17"]
[EventType "swiss"]
[EventCountry "PAR"]
[SourceDate "2005.09.12"]

1. e4 c5 2. Nc3 g6 3. g3 Bg7 4. Bg2 Nc6 5. d3 e6 6. Be3 d6 7. Qd2 Qb6 8. Rb1 h5
9. h4 Nf6 10. Nf3 Ng4 11. Bf4 Nd4 12. O-O O-O 13. Nh2 Kh7 14. Nxg4 hxg4 15. Kh2
Qc7 16. Ne2 Nf3+ 17. Bxf3 gxf3 18. Ng1 e5 19. Be3 Bg4 20. c3 f5 21. exf5 gxf5
22. Nh3 Bxh3 23. Kxh3 f4 24. g4 Bh6 25. Bxc5 Qxc5 26. d4 Qd5 27. Qd3+ e4 28. c4
Qe6 29. d5 Qe7 30. Rbe1 Rae8 31. Qc2 Kg6 32. Rg1 Qxh4+ 33. Kxh4 Bg5+ 34. Kh3
Rh8# 0-1